Active study :
Saved in:
| Format: | Book |
|---|---|
| Published: |
Great Britain :
Longman Group UK Limited,
1991.
|
| LEADER | 00332nam a22001097a 4500 | ||
|---|---|---|---|
| 003 | AR-BeUNQ | ||
| 005 | 20190828165525.0 | ||
| 999 | |c 31911 |d 115711 | ||
| 245 | |a Active study : |c Dictionary of english / | ||
| 260 | |a Great Britain : |b Longman Group UK Limited, |c 1991. | ||
| 929 | |a DONACION |b Luciana Aon |d 150,00 |e 20170911 |f PAT0067835 |g 3291 |h 1 |o PR | ||
| 942 | |c LIB |n 1 | ||